| 000 | 00716nam a22002417a 4500 | ||
|---|---|---|---|
| 001 | 28214 | ||
| 003 | UA-OsUOA | ||
| 005 | 20211212211902.0 | ||
| 007 | ta | ||
| 008 | 20040929b un ||||| |||| 00| 0 ukr d | ||
| 020 | _a966-313-160-8 | ||
| 040 |
_aUA-OsUOA _bukr _cUA-OsUOA _dUA-OsUOA |
||
| 041 | _aukr | ||
| 044 | _aUA | ||
| 080 | _a349(477) | ||
| 090 |
_a349(477) _bТ78 |
||
| 245 |
_aТрудове право: академічний курс _bпідручник для вищ. навч. закл _cред. П. Д. Пилипенко, В. Я. Буряк, З. Я. Козак |
||
| 260 |
_aКиїв _bВидавничий Дім _c2004 |
||
| 300 | _a536 с. | ||
| 650 | 7 | _2UDC | |
| 942 |
_cBK _2udc |
||
| 955 | _a0 | ||
| 999 |
_c314577 _d314577 |
||